Top 10 Najbogatszych Państw - Statystyki

Ogólne statystyki
  • Ten quiz został rozwiązany 62 razy
  • Średni wynik to 7 z 10
Statystyki odpowiedzi
Miejsce Kontynent Państwo PKB na
człowieka w
dolar. USA
% Poprawnych
10. Ameryka Północna Stany Zjednoczone $85 373
89%
5. Europa Liechtenstein 133 735
86%
1. Europa Monako 203 404
81%
8. Europa Szwajcaria 91 932
81%
2. Europa Luksemburg 143 743
79%
9. Europa San Marino 86 989
67%
6. Azja Katar 112 283
65%
4. Azja Singapur 133 737
61%
7. Azja Zjednoczone Emiraty Arabskie 96 846
61%
3. Europa Irlandia 133 895
47%
Nie znaleziono quizów pasujących do podanych kryteriów
Rozkład punktacji
Procent ludzi z każdym wynikiem
Percentyl według liczby udzielonych odpowiedzi
Twoja historia wyników
Nie rozwiązałeś tego quizu